| 000 | 00893cam a2200277 4500 | ||
|---|---|---|---|
| 001 | D6172 | ||
| 008 | 090401t1984 xxu||||| |||| 00| 0 eng d | ||
| 035 | _a(Sirsi) u88632 | ||
| 041 | _aeng | ||
| 050 | _a692.8 | ||
| 090 | _aJCT 1984/3ABC | ||
| 110 |
_aJoint Contracts Tribunal _93664 |
||
| 245 | _aJCT intermediate form of building contract IFC 84: practice note IN/1: introductory notes | ||
| 260 |
_aLondon _bRIBA Publications for JCT _c1984 |
||
| 300 | _a10p. 30cm | ||
| 350 | _a0 | ||
| 490 |
_aJCT Practice Note _vIN/1 |
||
| 520 | _aFiled in box JCT 1984/3 ABC A - Archives, B - Reference, C - Loan | ||
| 650 | _aBUILT ENVIRONMENT-BUILDING CONTRACT FORMS | ||
| 650 | _aIFC 84 | ||
| 650 | _aJCT INTERMEDIATE FORM OF BUILDING CONTRACT (1984 EDITION) | ||
| 650 | _aPRACTICE NOTES | ||
| 690 | _aBUILT ENVIRONMENT-BUILDING CONTRACT FORMS | ||
| 942 | _n0 | ||
| 948 | _c04/03/1997 | ||
| 999 |
_c97364 _d97364 |
||